মহানবী স. র ভাষণ/ (Record no. 18720)

MARC details
000 -LEADER
fixed length control field 00835nam a22002177a 4500
003 - CONTROL NUMBER IDENTIFIER
control field BDDh-ASL
005 - DATE AND TIME OF LATEST TRANSACTION
control field 20231015025727.0
008 - FIXED-LENGTH DATA ELEMENTS--GENERAL INFORMATION
fixed length control field 201022s1995 b ||||| |||| 00| 0 b d
020 ## - INTERNATIONAL STANDARD BOOK NUMBER
International Standard Book Number 9840603051
040 ## - CATALOGING SOURCE
Original cataloging agency BDDh-ASL
Transcribing agency BDDh-ASL
Modifying agency BDDh-ASL
041 ## - LANGUAGE CODE
Language code of text/sound track or separate title ben
082 ## - DEWEY DECIMAL CLASSIFICATION NUMBER
Classification number 297.1
Item number NUM
100 ## - MAIN ENTRY--PERSONAL NAME
9 (RLIN) 1589
Personal name নূরুজ্জামান, মুহাম্মদ
245 10 - TITLE STATEMENT
Title মহানবী স. র ভাষণ/
Statement of responsibility, etc. মুহাম্মদ নূরুজ্জামান।
246 ## - VARYING FORM OF TITLE
Title proper/short title Mohanobir Vashon
260 ## - PUBLICATION, DISTRIBUTION, ETC.
Place of publication, distribution, etc. ঢাকা:
Name of publisher, distributor, etc. ইসলামিক ফাউন্ডেশন,
Date of publication, distribution, etc. ১৯৯৫।
300 ## - PHYSICAL DESCRIPTION
Extent পৃ. ৬৯:
Dimensions ২২ সে.মি.।
650 #0 - SUBJECT ADDED ENTRY--TOPICAL TERM
9 (RLIN) 753
Topical term or geographic name entry element ইসলাম ধর্ম
General subdivision বিশ্বনবী
650 #0 - SUBJECT ADDED ENTRY--TOPICAL TERM
9 (RLIN) 1591
Topical term or geographic name entry element মহানবীর ভাষণ
942 ## - ADDED ENTRY ELEMENTS (KOHA)
Source of classification or shelving scheme Dewey Decimal Classification
Koha item type Books
Holdings
Withdrawn status Lost status Source of classification or shelving scheme Damaged status Not for loan Collection code Home library Current library Shelving location Date acquired Source of acquisition Total Checkouts Full call number Barcode Date last seen Copy number Price effective from Koha item type
    Dewey Decimal Classification     Non-fiction Asiatic Society Library Asiatic Society Library General Stacks 10/22/2020 ASB Collection   297.1 NUM 101935 10/22/2020 C-1 10/22/2020 Books

Powered by Koha